banner-ar

الحروب العائلية : (Record no. 61963)

MARC details
000 -الفاتح
حقل البيانات ثابتة الطول 01268nam a22002897a 4500
005 - وقت وتاريخ اخر تعامل مع التسجيلة
رقم الضبط 20240530110524.0
008 - عناصر البيانات ثابتة الطول - معلومات عامة
حقل البيانات ثابتة الطول 150530s2009 ua a g 000 0 ara d
017 ## - رقم الايداع القانونى
رقم الايداع القانونى 15379
المصدر ( الهيئة المختصة) مصر . دار الكتب المصرية
020 ## - الرقم الدولى المعيارى للكتب
الرقم الدولى المعيارى للكتاب 9773770826
040 ## - مصدر الفهرسة
وكالة الفهرسة الأصلية EG-CaGPL
082 04 - رقم تصنيف ديوى العشرى
رقم الطبعة 21
رقم التصنيف 658.04\
رقم المادة ج ح
100 1# - المدخل الرئيسى - إسم شخصى
الإسم الشخصى جوردون ، جرانت .
245 12 - بيان العنوان
العنوان الحروب العائلية :
بقية العنوان الصراعات الكلاسيكية فى الشركات العائلية و السبيل للتعامل معها /
بيان المسئوليه,etc جرانت جوردون ، ونايجل نيكولسون ؛ ترجمة علا احمد اصلاح .
250 ## - بيان الطبعة
بيان الطبعة ط1.
260 ## - PUBLICATION, DISTRIBUTION, ETC. (IMPRINT)
تاريخ النشر أو التوزيع 2009 .
300 ## - الوصف المادى
التعداد 343 ص ؛
أبعاد الوعاء 24 سم .
650 04 - المدخل الاضافى بالموضوع-مصطلح موضوعى
مصطلح موضوعي الشركات .
650 04 - المدخل الاضافى بالموضوع-مصطلح موضوعى
مصطلح موضوعي الشركات العائلية
التقسيم الفرعي الشكلي قصص .
650 04 - المدخل الاضافى بالموضوع-مصطلح موضوعى
مصطلح موضوعي الحروب العائلية .
650 04 - المدخل الاضافى بالموضوع-مصطلح موضوعى
مصطلح موضوعي الشركات العائلية
التقسيم الفرعي العام خلافات .
650 04 - المدخل الاضافى بالموضوع-مصطلح موضوعى
مصطلح موضوعي الشركات العائلية
التقسيم الفرعي العام اصول .
650 04 - المدخل الاضافى بالموضوع-مصطلح موضوعى
مصطلح موضوعي الشركات العائلية .
700 1# - المدخل الاضافى - اسم شخصى
الإسم الشخصى نيكولسون ، ونايجل
الدور مؤلف مشارك .
700 0# - المدخل الاضافى - اسم شخصى
الإسم الشخصى علا احمد اصلاح
الدور مترجم .
942 ## - عناصر المدخل الإضافي( كوها)
مصدر التصنيف او مخطط الترفيف Dewey Decimal Classification
Koha [default] item type كتاب
260 ## - PUBLICATION, DISTRIBUTION, ETC. (IMPRINT)
-- القاهرة :
-- مجموعة النيل العربية ،
Holdings
حالة التراجع حالة الفقد حالة تلف ليس للاعارة المكان المؤقت الموقع الحالى تاريخ الاكتساب اجمالي اﻻعارات رقم الطلب الباركود تاريخ اخر مشاهدة تاريخ تفعيل السعر نوع وعاء كوها
        مكتبة القاهرة الكبرى مكتبة القاهرة الكبرى 02/24/2016   658.04\ ج ح 161422 02/24/2016 02/24/2016 كتاب

Powered By

EGPV